000 00897nam a2200277Ia 4500
003 CO-BoRNBP
005 20240527163605.0
007 ta
008 000030 2014 ck a g spa spa
020 _a9789583004735
040 _aCO-BoRNBP
_bspa
_erda
_cCO-BoRNBP
041 _aspa
084 _aC ROD1
100 1 _aRodari, Gianni
_92463
245 1 0 _aAtalanta
_cGianni Rodari ; ilustraciones de Juanita Isaza
250 _aPrimera edición
264 _aBogotá
_bPanamericana
_c2014
300 _a138 páginas
_bilustraciones a color
_c21 cm
336 _atexto
_btxt
_2rdacontent
337 _asin mediación
_bn
_2rdamedia
338 _avolumen
_bnc
_2rdacarrier
650 1 4 _2LEMB
_aCuentos juveniles italianos
_ySiglo XX
_92464
650 1 4 _2LEMB
_aLiteratura juvenil italiana
_ySiglo XX
_91789
700 1 _aIsaza Merchán, Juanita
_eilustrador
_92465
942 _2loc
_cBKLIT
999 _c38180
_d38180